000 00267nam a22001097a 4500
008 170112b xxu||||| |||| 00| 0 eng d
020 _a9780766825086
041 _aeng
080 _a618.2
245 _aNURSING LEADERSHIP & MANAGEMENT
_cHEIDENTHAL, P.K
942 _2udc
_cBK
999 _c2827
_d2827